000 00466nam a2200181Ia 4500
008 090630s9999 xx 000 0 und d
082 _b6370
100 _aमधुकर.
245 _aरिंगण.
_cमधुकर.
260 _bमेनका.
_c1965
300 _a176
600 _aमधुकर.
630 _aरिंगण.
655 _aकादंबरी.
700 _aमधुकर.
730 _aरिंगण.
942 _cBOOK
999 _c258226
_d258226